La sociología en Chile: instituciones practicantes
Guardat en:
| Autors principals: | , |
|---|---|
| Format: | Llibre |
| Idioma: | espanyol |
| Publicat: |
Santiago
FLACSO
1988
|
| Matèries: | |
| Etiquetes: |
Afegir etiqueta
Sense etiquetes, Sigues el primer a etiquetar aquest registre!
|
MARC
| LEADER | 00000nam a2200000 a 4500 | ||
|---|---|---|---|
| 001 | UCW9618 | ||
| 003 | CL-VaPUC | ||
| 008 | 890531e19880000CL |||||||||||||||||spa|d | ||
| 082 | 0 | 4 | |a 301 |b BAR |2 21 |
| 100 | 0 | |a Barrios, Alicia |e author |9 314943 | |
| 700 | 0 | |a Brunner, José Joaquín |e author |9 314944 | |
| 245 | 1 | 3 | |a La sociología en Chile: instituciones practicantes |
| 300 | |a 300 p | ||
| 942 | |c BK | ||
| 945 | |d 19890531 00:00:00 | ||
| 260 | |a Santiago |b FLACSO |c 1988 | ||
| 650 | 0 | |a Sociología |9 255410 | |
| 651 | 7 | |a CHILE |2 CL-VaPUC |9 314945 | |
| 583 | |a last modification |c 19890531 00:00:00 |k Rodrigo Vera | ||
| 999 | |c 221535 |d 221533 | ||
| 952 | |0 0 |1 0 |4 0 |6 301_000000000000000_BAR_1988 |7 0 |8 P |9 214976 |a BIBENE |b BIBENE |d 2019-11-15 |i 2835401 |l 2 |m 1 |o 301 BAR 1988 |p 2835401 |r 2025-01-15 |s 2023-10-20 |w 2019-11-15 |y BK |k ICO | ||
| 952 | |0 0 |1 0 |4 0 |6 301_000000000000000_BAR_1988 |7 0 |8 P |9 214977 |a BIBENE |b BIBENE |d 2019-11-15 |i 283541K |o 301 BAR 1988 |p 283541K |r 2025-01-15 |w 2019-11-15 |y BK |k ICO | ||